| 000 | 00688nam a2200193 a 4500 | ||
|---|---|---|---|
| 005 | 20240925064642.0 | ||
| 008 | 991125s1938 mx 000 0 spa u | ||
| 035 | _aUPN01000056670 | ||
| 049 | _aSEP | ||
| 050 | 4 |
_aL227 D37 _bM2 1938 |
|
| 245 | 0 | 0 |
_aTexto documental sobre el asunto del petróleo : _bsugestiones para el trabajo escolar / _cInstituto Nacional de Psicopedagogía |
| 260 |
_aMéxico : _bSEP, _c1938. |
||
| 300 | _a113 p. | ||
| 500 | _aDisponible en la Colección Medina | ||
| 650 | 4 |
_aCiencias naturales _xEstudio y enseñanza (Elemental) _92812 |
|
| 650 | 4 |
_aPetróleo _zMéxico _920217 |
|
| 710 | 2 |
_aInstituto Nacional de Psicopedagogía (México) _928090 |
|
| 905 | _aLibro | ||
| 999 |
_c56670 _d56670 |
||